Where is this? - Statistics

General Stats
  • This quiz has been taken 12 times
  • The average score is 6 of 15
Answer Stats
Picture Answer % Correct
Moscow
100%
Washington DC
78%
Rio de Janeiro
56%
Cairo
44%
Cape Town
44%
Tokyo
44%
Berlin
33%
Helsinki
33%
Riyadh
33%
Lisbon
22%
Melbourne
22%
Singapore
22%
Mexico city
11%
Oslo
11%
Tallinn
11%
No matching quizzes found
Score Distribution
Percent of People with Each Score
Percentile by Number Answered
Your Score History
You have not taken this quiz